Statistics for Can you name all of these animals?

Click here to take the quiz!

General Stats

  • This quiz has been taken 42 times
  • The average score is 30 of 35

Answer Stats

Answer% Correct
Tiger
100%
Lion
97%
Cat
97%
Zebra
97%
Dog
97%
Wolf
97%
Elephant
97%
Grizzly Bear
94%
Horse
94%
Squirrel
94%
Fox
94%
Swan
94%
Dolphin
94%
Panda
91%
Frog
91%
Chicken
91%
Owl
91%
Goat
91%
Peacock
88%
Alligator
88%
Rhino
85%
Cheetah
85%
Orca
85%
Moose
85%
Jelly Fish
82%
Star Fish
82%
Hedge hog
79%
Llama
76%
lemur
74%
Jaguar
71%
Racoon
65%
African Dog
65%
Macaw
59%
Yak
59%
Oryx
21%

Score Distribution

Percentile by Number Answered

Percent of People with Each Score

Your Score History

You have not taken this quiz